| 000 | 00000nam##2200000za#4500 |
| 001 | 9.570443 |
| 003 | CaOODSP |
| 005 | 20210624182237 |
| 007 | cr ||||||||||| |
| 008 | 150406|2002||||xxc|||||o f|0| 0 eng|d |
| 040 | |aCaOODSP|beng |
| 043 | |an-cn--- |
| 086 | 1 |aYC27-0/371-10E-PDF |
| 110 | 1 |aCanada. |bParliament. |bSenate. |bStanding Committee on Agriculture and Forestry. |
| 245 | 10|aCanadian farmers at risk : |h[electronic resource]|binterim report / |cThe Honourable Leonard Gustafson, Chair; The Honourable John Wiebe, Deputy Chair. |
| 260 | |aOttawa - Ontario : |bSenate. |cJune 2002. |
| 300 | |a88p. |
| 490 | 1 |aReport of the Standing Senate Committee on Agriculture and Forestry|v[37th Parliament, 1st Session, 10th report] |
| 590 | |a11-12-Supp|b2011-07-29 |
| 775 | 08|tLes agriculteurs canadiens en danger : |w(CaOODSP)9.601121 |
| 830 | #0|aReport of the Standing Senate Committee on Agriculture and Forestry ;|v[37th Parliament, 1st Session, 10th report]|w(CaOODSP)9.505641 |
| 856 | 40|ahttp://publications.gc.ca|qPDF|s239 KB|uhttps://publications.gc.ca/collections/collection_2011/sen/yc27-0/YC27-0-371-10-eng.pdf|y[37th Parliament, 1st Session, 10th report] |